| 000 | 01325nam a2200325 i 4500 | ||
|---|---|---|---|
| 001 | 000045339 | ||
| 003 | DO-SdBNP | ||
| 005 | 20250210101538.0 | ||
| 007 | ta | ||
| 008 | 150304s2014 dr ac 000 0 spa d | ||
| 020 | _a9789945589375 | ||
| 040 |
_aDO-SdBNP _bspa _cBNPHU _erda |
||
| 041 | _hspa | ||
| 082 |
_axxxx _bI322p _222 |
||
| 100 | 1 |
_aImbert Brugal, Segundo, _d1943- _eautor _973366 |
|
| 245 | 1 | 0 |
_aPor órdenes superiores : _brelatos / _cSegundo Imbert Brugal ; edición Ylonka Nancidit Perdomo. |
| 264 |
_aSanto Domingo : _bSantuario, _c2014. |
||
| 300 |
_a172 páginas : _bilustraciones, retratos. ; _c23 cm. |
||
| 336 |
_ardacontent _btexto _2txt |
||
| 337 |
_ardamedia _bsin mediación _2n |
||
| 338 |
_ardacarrier _bvolumen _2nc |
||
| 490 | 1 | _aMañón | |
| 500 | _aIncluye datos biográficos del autor en las solapas. | ||
| 505 | 0 |
_aCundo vino el yate -- _tDos esferas de cristal -- _tOdalís Picúa -- _tEl discurso de Jacinto -- _tEl cartón de Pura -- _tUn infarto en francés -- _tBienvenido y las metresas -- _tA seis horas de distancias -- _tLa fiestas de quince años -- _tDespués del bautizo -- _tEl muchachito -- _tJesús Walterio Rossi. |
|
| 590 | _aInventariado, 2025/DG | ||
| 700 | 1 | 2 |
_aNacidit-Perdomo, Ylonka, _d1965- _eedición _924277 |
| 830 | 0 |
_aMañón _973367 |
|
| 910 | _aDG | ||
| 942 |
_2ddc _cLBS1 |
||
| 999 |
_c44828 _d44828 |
||